Statistiques concernant Culture Générale - Série 549

Cliquez ici pour prendre le quiz!

Statistiques générales

  • Ce quiz a été pris 90 fois
  • Le résultat moyen est 8 sur 10

Statistiques - réponses

QuestionRéponse% Correct
Quel astre les musulmans doivent-ils observer afin de déterminer quand débute le mois du ramadan ?lune
96%
Quel fruit est une appellation d'origine contrôlée de la ville d'Espelette ?piment
95%
Quel compositeur de musique classique figure sur les pièces autrichiennes de 1 euro ?Mozart
93%
Quel objet relié à une roue de vélo permet de produire de l'électricité en pédalant ?dynamo
87%
Quelle plante aromatique peut être "aquatique" ou "poivrée" ?menthe
75%
Quel cuirassé donne son nom au titre d'une chanson de Jean Ferrat en 1965 ?Potemkine
73%
Pour les journées nationales de quelle organisation caritative Adriana Karembeu fait-elle la quête dans une publicité ?Croix-Rouge
68%
Dans quel pays sont immatriculées les voitures portant seulement la lettre N à l'arrière ?Norvège
68%
Dans quel genre littéraire François Villon s'est-il principalement illustré ?poésie
62%
Quel humoriste ne voit "aucun éléphant rose à l'horizon" dans son sketch "Le Joint" ?Pierre Palmade
35%

Distribution des résultats

Percentile par nombre de réponses

% des personnes avec chaque résultat

Votre développement - résultats

Vous n’avez pas pris ce quiz